00496nam a22001697a 450000500170000001000150001702000260003203500140005803700090007208200120008124500770009325000060017026000450017627000490022130000210027070000350029120260505120616.0 aENG-144149 a9788195401017c600.00 aEN-127681 bDBAD a541.395 aCatalysts Synthesis & Their Application/cEdited by Utkarsh Kumar Saxena a1 aKanpurbSocial research foundationc2021 bkanpura128/170,H-block,kidwai nagare208011 a137p.c21cm (hb) aSaxena, Utkarsh Kumar eEditor